| 000 | 00685nam a22001577a 4500 | ||
|---|---|---|---|
| 003 | OSt | ||
| 005 | 20150918144047.0 | ||
| 008 | 150918b xxu||||| |||| 00| 0 eng d | ||
| 040 | _cRUA | ||
| 082 | _aAGR SEM 2005 B032 Or.1 | ||
| 100 |
_9770 _aSEM KEOVIRAK |
||
| 245 | _aThe effect of seeding number on corn yield in kampong leng district,kampong chnag province,(ឥទ្ធិពលនៃចំនួនដើមទៅលើទិន្នផលពោតក្នុងល័ក្ខខ័ណ្ឌស្រុកកំពង់លែងខេត្តកំពង់ឆ្នំាង) | ||
| 260 |
_aphonm penh _bRUA _c2005 |
||
| 300 |
_axii,61p. _cill. _g29cm. |
||
| 942 |
_2ddc _cAGR |
||
| 999 |
_c737 _d737 |
||